00286nam a2200097Ia 4500008004100000100002200041245003600063260003700099300000900136650004300145190216s9999||||xx |||||||||||||| ||und|| aJohn Paul Mueller 0aVisual C++ 5 From The Ground Up bTata Mcgrawhill Publishersc1998 a704p a"Computer Programming. Programs, Data"